000 00230nam a22000977a 4500
999 _c16251
_d16251
003 OSt
008 200626b ||||| |||| 00| 0 eng d
100 _aമാരാർ
_94649
245 _aകുമാരസംഭവം
942 _cBK